000 00537 a2200193 4500
005 20260415120824.0
008 260415b |||||||| |||| 00| 0 eng d
020 _a9789350029152
040 _cSDCL
041 _2eng
_aeng
084 _aXM2m3 R5
245 _aOpenings And Closures :
_bSocialist Strategy At A Crossroads
260 _aLondon :
_bAakar Books,
_c2025.
300 _axviii, 372p.
490 _aSocialist register
700 _aAlbo, Greg ed.
_91234803
700 _aMaher, Stephen ed.
_91234804
942 _cTEXL
_2CC
999 _c1848212
_d1848212